00519nam a22001697a 450000500170000001000130001702000110003003500120004103700180005308200110007110000360008224500970011824600640021525000090027926000300028830000310031820151106150834.0 aPUN-7787 c160.00 aPN-6905 aunistar books a853.08 aਕਮਲਜੀਤ ਸਿੰਘ aਨਵੀਂ ਵਿਧਾ ਦਾ ਨਾਵਲਕਾਰ ਮਿੱਤਰ ਸੈਨ ਮੀਤ / aNaven vidha da nowelkaar mitter sen meetbby Kamaljit Singh a2012 aChandigarhbUnistar Books aPg.96b22cmਸਜਿਲਦ